Cấu trúc - lập trình - ghép nối và ứng dụng vi điều khiển
Cuốn sách này thuộc bộ sách "Cấu trúc - lập trình - ghép nối và ứng dụng vi điều khiển", gồm 2 tập. Nội dung tập 1 "Cấu trúc và lập trình VĐK 8051/8052" từ chương 1 đến chương 10, trình bày các vấn đề cơ bản của VĐK như...
Đã lưu trong:
| 主要作者: | |
|---|---|
| 格式: | 图书 |
| 语言: | Undetermined |
| 出版: |
Hà Nội
Giáo dục
2009
|
| 主题: | |
| 标签: |
添加标签
没有标签, 成为第一个标记此记录!
|
| Thư viện lưu trữ: | Trung tâm Học liệu Trường Đại học Cần Thơ |
|---|
| LEADER | 01621nam a2200205Ia 4500 | ||
|---|---|---|---|
| 001 | CTU_142850 | ||
| 008 | 210402s9999 xx 000 0 und d | ||
| 020 | |c 36000 | ||
| 082 | |a 629.895 | ||
| 082 | |b Gi106/T.1 | ||
| 100 | |a Nguyễn, Mạnh Giang | ||
| 245 | 0 | |a Cấu trúc - lập trình - ghép nối và ứng dụng vi điều khiển | |
| 245 | 0 | |c Nguyễn Mạnh Giang | |
| 260 | |a Hà Nội | ||
| 260 | |b Giáo dục | ||
| 260 | |c 2009 | ||
| 520 | |a Cuốn sách này thuộc bộ sách "Cấu trúc - lập trình - ghép nối và ứng dụng vi điều khiển", gồm 2 tập. Nội dung tập 1 "Cấu trúc và lập trình VĐK 8051/8052" từ chương 1 đến chương 10, trình bày các vấn đề cơ bản của VĐK như: giới thiệu cấu trúc và hoạt động của vi điều khiển 8051/8052, lập trình hợp ngữ cho VĐK họ MCS-51 với PINNACLE, nhóm lệnh điều khiển chương trình, bộ nhớ trong, các phương pháp địa chỉ và nhóm lệnh dịch chuyển, ALU và các lệnh xử lý số học, nhóm lệnh logíc và phép chuyển đổi mã, cổng song song, nhóm lệnh xử lý bit và điều khiển số, bộ định thời/ bộ đếm (Timer/counter), cổng vào/ra nối tiếp và điều khiển ngắt. | ||
| 650 | |a Microcontrollers,Vi điều khiển | ||
| 904 | |i Duy Bằng | ||
| 980 | |a Trung tâm Học liệu Trường Đại học Cần Thơ | ||